000 01205nam0a22002531 4500
001 rc\4523713
005 20130416181006.3
035 _a(NLR Aleph) 008352290
090 _a8945304
_c8945304
100 _a20130416d1967 |||y0rusy50 ca
101 0 _arus
102 _aRU
105 _aa z |||||
200 1 _aРационализаторские предложения, внедренные на судах Калининградской базы тралового флота в 1966 году
_fОбъединение по руководству науч.-техн. информацией и пропагандой в РСФСР при Гос. ком. Совета Министров СССР по науке и технике. Калинингр. ЦБТИ
210 _aКалининград
_cБ. и.
_d1967
215 _a47 с.
_cчерт.
_d20
300 _aНа обороте тит. л. сост.: В.Г. Соколова
702 1 _aСоколова
_bВ. Г.
_4220
710 0 2 _aКалининградская база тралового флота
_3RU\NLR\AUTH\889928362
801 0 _aRU
_bNLR
_gpsbo
801 1 _aRU
_bELAR
_2rusmarc
852 _aNLR
_j67-4/24027
942 _cBOOK
980 _aNB